Jonathan Mouse at the cirus
| Main Author: | |
|---|---|
| Other Authors: | |
| Format: | Book |
| Published: |
New York :
North-South Books ,
1988
|
| Subjects: |
MARC
| LEADER | 00000cam a2200000 7i4500 | ||
|---|---|---|---|
| 001 | 0000003631 | ||
| 002 | 000003912 | ||
| 005 | 20000330.0 | ||
| 020 | |a 3-85539-001-0 | ||
| 090 | 0 | 0 | |a JF |b ost |
| 100 | 1 | |a Ostheeren, Ingrid | |
| 245 | 1 | 0 | |a Jonathan Mouse at the cirus |c Ingrid ostheeren ; illustrated by Agnes Mathieu |
| 260 | |a New York : |b North-South Books , |c 1988 | ||
| 300 | |a -p. ; |c 29cm. | ||
| 650 | 0 | 0 | |a Animal fiction |
| 700 | 1 | |a Mathieu, Agnes , |e Illustrated by | |
| 999 | |a 032167 |b BUKU |c JUNIOR FICTION |e PERPUSTAKAAN KOMUNITI PETALING JAYA | ||